All Star 1. Student Book with audio highlights

Đã lưu trong:
書目詳細資料
主要作者: Lee, Linda
格式: 圖書
語言:English
出版: McGraw - HillCompanies, Inc 2005
主題:
標簽: 添加標簽
沒有標簽, 成為第一個標記此記錄!
Thư viện lưu trữ: Mạng thư viện Đại học Đà Nẵng
LEADER 01066cam a22003131a 4500
001 000033493
003 9665
005 20151016000000.0
008 151016s2005 000 eng
041 |a eng 
082 |a 420.028  |b LE-L 
100 |a Lee, Linda 
245 |a All Star 1. Student Book with audio highlights  |c Linda Lee 
260 |a McGraw - HillCompanies, Inc  |c 2005 
300 |a 190p. : ill ; 30cm 
650 |a Linda Lee, All Star 1. Student, 2005, Exercise 
852 |b Chuyên đề  |c Tiếng Anh tham khảo 1 
OWN |a LNN 
AVA |a UDN50  |b LNN  |c English  |d 420.028 LE-L  |e available  |t Error 5001 Not defined in file expand_doc_bib_avail.  |f 1  |g 0  |h N  |i 0  |j AN  |k 1 
999 |a From the UDN01 
AVA |a UDN50  |b LNN  |c English  |d 420.028 LE-L  |e available  |t Error 5001 Not defined in file expand_doc_bib_avail.  |f 1  |g 0  |h N  |i 0  |j AN  |k 1 
TYP |a Monograph 
980 |a Mạng thư viện Đại học Đà Nẵng